Energy efficitent routing protocols for wireless sensor networks / (Record no. 524428)

000 -LEADER
fixed length control field 00420nam a22001577a 4500
003 - CONTROL NUMBER IDENTIFIER
control field NUST
005 - DATE AND TIME OF LATEST TRANSACTION
control field 20190621051859.0
008 - FIXED-LENGTH DATA ELEMENTS--GENERAL INFORMATION
fixed length control field 190621b ||||| |||| 00| 0 eng d
038 ## - RECORD CONTENT LICENSOR
Staff Name Mr Zahoor
082 ## - DEWEY DECIMAL CLASSIFICATION NUMBER
Classification number 621.3
100 ## - MAIN ENTRY--PERSONAL NAME
Personal name Aqdas Naz
9 (RLIN) 15247
245 ## - TITLE STATEMENT
Title Energy efficitent routing protocols for wireless sensor networks /
Statement of responsibility, etc. Aqdas Naz
260 ## - PUBLICATION, DISTRIBUTION, ETC.
Place of publication, distribution, etc. Islamabad
Name of publisher, distributor, etc. CSE NUST
Date of publication, distribution, etc. 2016
300 ## - PHYSICAL DESCRIPTION
Extent 42 p.
942 ## - ADDED ENTRY ELEMENTS (KOHA)
Source of classification or shelving scheme
Koha item type Thesis
Holdings
Withdrawn status Lost status Source of classification or shelving scheme Damaged status Not for loan Permanent Location Current Location Shelving location Date acquired Total Checkouts Full call number Barcode Date last seen Price effective from Koha item type
          Central Library (CL) Central Library (CL) Thesis 06/21/2019   621.3 CL-T-1739 06/21/2019 06/21/2019 Thesis
© 2023 Central Library, National University of Sciences and Technology. All Rights Reserved.